| 000 | 003790000a22001450004500 | ||
|---|---|---|---|
| 003 | MACL | ||
| 005 | 20160225115002.0 | ||
| 008 | 160225b xxu||||| |||| 00| 0 eng d | ||
| 040 |
_aMACL _cMACL |
||
| 041 | _aHindi | ||
| 082 | _a615.5 | ||
| 245 | _aयूनानी चिकित्सा विज्ञान | ||
| 650 |
_aMedical Sci. _933115 |
||
| 942 |
_cHIN _k615.5 _2ddc |
||
| 999 |
_c23393 _d23393 |
||